000 00620nam a2200205 i 4500
001 141379
003 ES-MaACL
005 20230906200300.0
007 t|
008 070921s1965 sp ||||1| spa d
100 1 _aVizcaíno, José Antonio.
_9115610
245 1 0 _aDe Roncesvalles a Compostela /
_cJosé Antonio Vizcaíno.
260 _aMadrid :
_bAlfaguara,
_c[1965]
300 _a356 p., 16 lám. ;
_c18 cm.
490 1 _aLas botas de siete leguas
830 0 _aLas botas de siete leguas
_9187209
852 _aES-MaACL
_jC-24743
_bR.56687
852 _aES-MaACL
_jC-28422
_bR.57500
999 _c141379
_d141379